| 000 | 00590nam a2200241Ia 4500 | ||
|---|---|---|---|
| 001 | 3060 | ||
| 003 | GE_BSU | ||
| 008 | 181216s||||||||xx |||||||||||||| ||und|| | ||
| 020 | _a5881240057 | ||
| 040 | _cGE_BSU | ||
| 080 | _a330.1(075.8) | ||
| 100 | _aШишов А.Л. | ||
| 245 | _aМакроэкономика | ||
| 245 | _bУчебник | ||
| 245 | _cРед. М.Б. Вишневская | ||
| 260 | _aМосква | ||
| 260 | _bТандем | ||
| 260 | _c1997 | ||
| 300 | _a320 с. 20 см. | ||
| 541 | _h5 л. 20 т. | ||
| 653 | _aМакроэкономика | ||
| 942 | _cBK | ||
| 999 |
_c37104 _d37104 |
||